Encyclopedia of environmental science and engineering / (Record no. 19020)
[ view plain ]
| 000 -LEADER | |
|---|---|
| fixed length control field | 01038cam a2200289 a 4500 |
| 001 - CONTROL NUMBER | |
| control field | 17134315 |
| 005 - DATE AND TIME OF LATEST TRANSACTION | |
| control field | 20150314141806.0 |
| 008 - FIXED-LENGTH DATA ELEMENTS--GENERAL INFORMATION | |
| fixed length control field | 120125s2012 flua be 001 0 eng |
| 010 ## - LIBRARY OF CONGRESS CONTROL NUMBER | |
| LC control number | 2012002700 |
| 020 ## - INTERNATIONAL STANDARD BOOK NUMBER | |
| International Standard Book Number | 9781439804421 (set hardcover : alk. paper) |
| 020 ## - INTERNATIONAL STANDARD BOOK NUMBER | |
| International Standard Book Number | 9781439894811 (v. 1 hardcover : alk. paper) |
| 020 ## - INTERNATIONAL STANDARD BOOK NUMBER | |
| International Standard Book Number | 9781439894828 (v. 2 hardcover : alk. paper) |
| 040 ## - CATALOGING SOURCE | |
| Original cataloging agency | DLC |
| Transcribing agency | DLC |
| Modifying agency | DLC |
| 082 00 - DEWEY DECIMAL CLASSIFICATION NUMBER | |
| Classification number | 628 |
| Edition number | 22 |
| Item number | ENC |
| 245 00 - TITLE STATEMENT | |
| Title | Encyclopedia of environmental science and engineering / |
| Statement of responsibility, etc | edited by Edward N. Ziegler. |
| 250 ## - EDITION STATEMENT | |
| Edition statement | 6th ed. |
| 260 ## - PUBLICATION, DISTRIBUTION, ETC. (IMPRINT) | |
| Place of publication, distribution, etc | Boca Raton, FL : |
| Name of publisher, distributor, etc | CRC PressTaylor & Francis Group, |
| Date of publication, distribution, etc | c.2012. |
| 300 ## - PHYSICAL DESCRIPTION | |
| Extent | 2 v. (xxvi, 1386 p.) : |
| Other physical details | ill., maps ; |
| Dimensions | 29 cm. |
| 504 ## - BIBLIOGRAPHY, ETC. NOTE | |
| Bibliography, etc | Includes bibliographical references and index. |
| 505 0# - FORMATTED CONTENTS NOTE | |
| Formatted contents note | v. 1. A-L -- v. 2. M-Z. |
| 650 #0 - SUBJECT ADDED ENTRY--TOPICAL TERM | |
| Topical term or geographic name as entry element | Environmental engineering |
| Form subdivision | Encyclopedias. |
| 650 #0 - SUBJECT ADDED ENTRY--TOPICAL TERM | |
| Topical term or geographic name as entry element | Environmental sciences |
| Form subdivision | Encyclopedias. |
| 653 ## - INDEX TERM--UNCONTROLLED | |
| Resource For college | Engineering, General |
| Arrived date list | March2015 |
| 655 ## - INDEX TERM--GENRE/FORM | |
| Form subdivision | |
| -- | 34232 |
| 700 1# - ADDED ENTRY--PERSONAL NAME | |
| Personal name | Ziegler, E. N. |
| Fuller form of name | (Edward N.) |
| 942 ## - ADDED ENTRY ELEMENTS (KOHA) | |
| Source of classification or shelving scheme | Dewey Decimal Classification |
| Withdrawn status | Item status | Source of classification or shelving scheme | Damaged status | Not for loan | Vendor | Home library | Current library | Shelving location | Date acquired | Source of acquisition | Cost, normal purchase price | Total Checkouts | Full call number | Barcode | Date last seen | Cost, replacement price | Koha item type | Public note |
|---|---|---|---|---|---|---|---|---|---|---|---|---|---|---|---|---|---|---|
| Dewey Decimal Classification | Baccah | Central Library | Central Library | Ground Floor | 14/03/2015 | 4150.00 | 628 ENC | 000037568 | 15/07/2025 | 5187.50 | Reference (NB) | Vol. 2. | ||||||
| Dewey Decimal Classification | Baccah | Central Library | Central Library | Ground Floor | 14/03/2015 | 4150.00 | 628 ENC | 000037567 | 15/07/2025 | 5187.50 | Reference (NB) | Vol. 1. |